Stolice Geografia v2 - Statystyki

Ogólne statystyki
  • Ten quiz został rozwiązany 100 razy
  • Średni wynik to 62 z 75
Statystyki odpowiedzi
Kraj Miasto % Poprawnych
Polska Warszawa
97%
USA Waszyngton
97%
Holandia Amsterdam
94%
Andora Andora
94%
Turcja Ankara
94%
Niemcy Berlin
94%
Belgia Bruksela
94%
Finlandia Helsinki
94%
Dania Kopenhaga
94%
Portugalia Lizbona
94%
Wielka Brytania Londyn
94%
Luksemburg Luksemburg
94%
Hiszpania Madryt
94%
Meksyk Meksyk
94%
Białoruś Mińsk
94%
Monako Monako
94%
Rosja Moskwa
94%
Norwegia Oslo
94%
Kanada Ottawa
94%
Francja Paryż
94%
Czechy Praga
94%
Łotwa Ryga
94%
Włochy Rzym
94%
San Marino San Marino
94%
Bułgaria Sofia
94%
Szwecja Sztokholm
94%
Estonia Tallinn
94%
Watykan Watykan
94%
Austria Wiedeń
94%
Chorwacja Zagrzeb
94%
Grecja Ateny
90%
Brazylia Brasilia
90%
Węgry Budapeszt
90%
Rumunia Bukareszt
90%
Irlandia Dublin
90%
Egipt Kair
90%
Ukraina Kijów
90%
Słowenia Lublana
90%
Chiny Pekin
90%
Albania Tirana
90%
Japonia Tokio
90%
Malta Valletta
90%
Litwa Wilno
90%
Szwajcaria Berno
87%
Słowacja Bratysława
87%
Australia Canberra
87%
Indie Nowe Delhi
87%
Mongolia Ułan Bator
87%
Algieria Algier
84%
Argentyna Buenos Aires
84%
Mołdawia Kiszyniów
84%
Czarnogóra Podgorica
84%
Kosowo Prisztina
84%
Islandia Reykjavík
84%
Bośnia i Hercegowina Sarajewo
84%
Macedonia Północna Skopje
84%
Liechtenstein Vaduz
84%
Nowa Zelandia Wellington
81%
Serbia Belgrad
77%
RPA Kapsztad
77%
Chile Santiago
77%
Kazachstan Astana
71%
RPA Pretoria
68%
Holandia Haga
65%
Etiopia Addis Abeba
61%
Pakinstan Islamabad
61%
Wenezuela Caracas
58%
DRK Kinszasa
58%
Sudan Chartum
55%
Mozambik Maputo
52%
Namibia Windhuk
52%
Nigeria Abudża
48%
RPA Bloemfontein
29%
Czarnogóra Cetynia
16%
Chile Valparaiso
10%
Nie znaleziono quizów pasujących do podanych kryteriów
Rozkład punktacji
Procent ludzi z każdym wynikiem
Percentyl według liczby udzielonych odpowiedzi
Twoja historia wyników
Nie rozwiązałeś tego quizu